Sixteen short novels : (Запис № 549420)

МАРК-запис
000 -LEADER
fixed length control field 01341nam a2200301 a 4500
001 - CONTROL NUMBER
control field sixteenshortnove00shee
003 - CONTROL NUMBER IDENTIFIER
control field CaSfIA
005 - DATE AND TIME OF LATEST TRANSACTION
control field 20240827141049.0
007 - PHYSICAL DESCRIPTION FIXED FIELD--GENERAL INFORMATION
fixed length control field cr||||
008 - FIXED-LENGTH DATA ELEMENTS--GENERAL INFORMATION
fixed length control field 850805s1985 nyu 00001 eng
010 ## - LIBRARY OF CONGRESS CONTROL NUMBER
LC control number 85072562
020 ## - INTERNATIONAL STANDARD BOOK NUMBER
International Standard Book Number 0525243704 :
Terms of availability $29.95
040 ## - CATALOGING SOURCE
Modifying agency CaSfIA0
Transcribing agency CaSfIA0
050 ## - LIBRARY OF CONGRESS CALL NUMBER
Classification number PN6120.2
Item number .S59 19850
082 ## - DEWEY DECIMAL CLASSIFICATION NUMBER
Classification number 808.83
Edition number 1900
245 ## - TITLE STATEMENT
Title Sixteen short novels :
Medium [electronic resource]
Remainder of title an anthology /
Statement of responsibility, etc selected and with an introduction by Wilfrid Sheed.
250 ## - EDITION STATEMENT
Edition statement 1st ed.0
260 ## - PUBLICATION, DISTRIBUTION, ETC. (IMPRINT)
Place of publication, distribution, etc New York :
Name of publisher, distributor, etc E.P. Dutton,
Date of publication, distribution, etc c1985.
300 ## - PHYSICAL DESCRIPTION
Extent xx, 1067 p. ;
Dimensions 25 cm. 0
506 ## - RESTRICTIONS ON ACCESS NOTE
Standardized terminology for access restriction Необхідна авторизація на https://archive.org/ (створення облікового запису безкоштовно)
506 ## - RESTRICTIONS ON ACCESS NOTE
Standardized terminology for access restriction Необхідна авторизація на https://openlibrary.org/ (створення облікового запису безкоштовно)
650 ## - SUBJECT ADDED ENTRY--TOPICAL TERM
Topical term or geographic name as entry element Fiction
Chronological subdivision 19th century. 0
9 (RLIN) 12668
650 ## - SUBJECT ADDED ENTRY--TOPICAL TERM
Topical term or geographic name as entry element Fiction
Chronological subdivision 20th century.10
9 (RLIN) 12669
700 ## - ADDED ENTRY--PERSONAL NAME
Personal name Sheed, Wilfrid.41
9 (RLIN) 12670
856 ## - ELECTRONIC LOCATION AND ACCESS
Uniform Resource Identifier <a href="http://www.archive.org/details/sixteenshortnove00shee">http://www.archive.org/details/sixteenshortnove00shee</a>
Public note Free eBook from the Internet Archive
942 ## - ADDED ENTRY ELEMENTS (KOHA)
Koha item type ЕКнига
Source of classification or shelving scheme Universal Decimal Classification

Немає доступних примірників.